ՀՀ Գիտությունների ազգային ակադեմիայի հիմնարար գիտական գրադարան  =   Fundamental Scientific Library of NAS RA

Րահնիւմա : (Record no. 341537)

MARC details
000 -LEADER
fixed length control field 03156nas a2200373 a 4500
001 - CONTROL NUMBER
control field 001045044
003 - CONTROL NUMBER IDENTIFIER
control field AM-YeHGA
005 - DATE AND TIME OF LATEST TRANSACTION
control field 20250617150943.0
008 - FIXED-LENGTH DATA ELEMENTS--GENERAL INFORMATION
fixed length control field 141105d19111914tu |||n||| || ||tur|d
040 ## - CATALOGING SOURCE
Original cataloging agency AM-YeHGA
041 0# - LANGUAGE CODE
Language code of text/sound track or separate title tur
090 ## - LOCALLY ASSIGNED LC-TYPE CALL NUMBER (OCLC); LOCAL CALL NUMBER (RLIN)
-- 343323
245 00 - TITLE STATEMENT
Title Րահնիւմա :
Remainder of title Տինի, ախլագի, ֆէննի վէ սիյասի : Հաֆթալըգ ղազէթա ; Կրոնական, բարոյական, գիտական, քաղաքական ; Օրգան հայ բողոքականների /
Statement of responsibility, etc. Արտոնատեր և պատասխանատու տնօրեն՝ Յովհաննէս Գ․ Գրիգորեան ; Խմբ․՝ Ավետիս Նազգաշեան և ալյն․
246 3# - VARYING FORM OF TITLE
Title proper/short title Առաջնորդ
260 ## - PUBLICATION, DISTRIBUTION, ETC.
Place of publication, distribution, etc. Իսթանպօլ :
Name of publisher, distributor, etc. տպ Օ. Արզուման Մաթպաասը,
Date of publication, distribution, etc. 1911-1914․
300 ## - PHYSICAL DESCRIPTION
Extent 24 էջ ;
Other physical details 27x19 սմ․
362 1# - DATES OF PUBLICATION AND/OR SEQUENTIAL DESIGNATION
Dates of publication and/or sequential designation 1911-
500 ## - GENERAL NOTE
General note Ամսագիրը հրատարակվել է Կ. Պոլսում (1911-1914 թթ.), ապա՝ Նյու Յորքում (1924-1934 թթ.): Եղել է շաբաթաթերթ, ապա՝ կիսամյա:
500 ## - GENERAL NOTE
General note 1924 թվականից պարբերականի տիտղոսաթերթին եղել է նաև վերնագրի հետևյալ տարբերակը՝ The rahnuma: a weekly paper.
500 ## - GENERAL NOTE
General note Կ. Պոլսում տպագրվելիս ունեցել է 24 էջ, 27x19 սմ, Նյու Յորքում տպագրվելիս՝ 15-16 էջ, 22x16 սմ:
500 ## - GENERAL NOTE
General note Տպարաններ՝ Օնիկ Արզումանի, Կ. և Մ. Քեշիշյանների, Ր. Չալըգյանի, Աստվածատուր Լեյլեկյանի:
500 ## - GENERAL NOTE
General note Համարների էջակալությունը՝ շարունակական (հաջորդ տարին սկսվում է նոր էջակալությամբ):
500 ## - GENERAL NOTE
General note Միայն Կ․Պոլսում 3000 վճարյալ կանոնավոր բաժանորդներ է ունեցել։ Դադարել է հրատարակվել 1915 թ․։ Պրոֆ․ Յովհաննէս Գ․ Գրիգորեանը տեղափոխվել է ԱՄՆ, ուր և 1924 թ․ շարունակել է պարբերականի հրատարակությունը։ Կ․Պոլսում հրատարակվել է 1911-1914թթ․, իսկ Նյու-Յորքում՝ 1924-1934թթ․։
500 ## - GENERAL NOTE
General note Մատենագիտական նկարագրությունը և վերնագրի թարգմանությունը վերցվել են Հասմիկ Ստեփանյանի «Հայատառ թուրքերեն գրքերի եւ հայատառ թուրքերեն պարբերական մամուլի մատենագիտութիւն (1727-1968)» գրքից։
546 ## - LANGUAGE NOTE
Language note Բնագիրը՝ հայատառ թուրքերեն
650 04 - SUBJECT ADDED ENTRY--TOPICAL TERM
Topical term or geographic name entry element Շաբաթաթերթ
650 14 - SUBJECT ADDED ENTRY--TOPICAL TERM
Topical term or geographic name entry element Սփյուռքահայ գաղթօջախներ
Form subdivision Պարբերականներ
Chronological subdivision XXդ.
650 14 - SUBJECT ADDED ENTRY--TOPICAL TERM
Topical term or geographic name entry element Հայատառ թուրքերեն մամուլ
651 #4 - SUBJECT ADDED ENTRY--GEOGRAPHIC NAME
Geographic name Թուրքիա
700 1# - ADDED ENTRY--PERSONAL NAME
Personal name Գրիգորեան, Յովհաննէս Գ․
Relator term տնօրեն
700 1# - ADDED ENTRY--PERSONAL NAME
Personal name Նազգաշեան, Ավետիս
Relator term խմբ․
856 41 - ELECTRONIC LOCATION AND ACCESS
Uniform Resource Identifier <a href="https://tert.nla.am/mamul/rahnuma/Table.html">https://tert.nla.am/mamul/rahnuma/Table.html</a>
Link text Կարդալ առցանց
942 ## - ADDED ENTRY ELEMENTS (KOHA)
Source of classification or shelving scheme Universal Decimal Classification
Koha item type Շարունակական պաշար / Continuing Resource
Holdings
Withdrawn status Lost status Source of classification or shelving scheme Damaged status Not for loan Collection Home library Current library Date acquired Serial enumeration / chronology Total checkouts Full call number Barcode Date last seen Price effective from Koha item type Public note
    Universal Decimal Classification     Pogharian Individual Collection Fundamental Scientific Library Fundamental Scientific Library 09/01/2017 1925, Ճիլտ 7, № 32-33   Պող/285 FL0309648 09/01/2017 09/01/2017 Շարունակական պաշար / Continuing Resource ILL Non-Circ.
    Universal Decimal Classification     Pogharian Individual Collection Fundamental Scientific Library Fundamental Scientific Library 09/01/2017 1912, Ճիլտ 2, № 2-28, 30-52   Պող/283 FL0309646 09/01/2017 09/01/2017 Շարունակական պաշար / Continuing Resource ILL Non-Circ.
    Universal Decimal Classification     Pogharian Individual Collection Fundamental Scientific Library Fundamental Scientific Library 09/01/2017 1913, Ճիլտ 3, № 1-53   Պող/284 FL0309647 09/01/2017 09/01/2017 Շարունակական պաշար / Continuing Resource ILL Non-Circ.


ՀՀ ԳԱԱ հիմնարար գիտական գրադարան
ՀՀ,Երևան 0019
Մարշալ Բաղրամյան 24/6
հեռախոս:(374-10) 52-47-50
Հետադարձ կապ

All site content, except where otherwise noted, is licensed under a
Creative Commons License